LEADER 01403nam a2200277 i 4500 001 000000194636 003 CaOOAMICUS 005 20101122000000.0 008 101122s2001 it u000 u ita u 013 $a173295 020 $a88-14-08356-8 040 $aSeMil$bita 100 1 $aViladrich, Pedro-Juan.$0(OLS)http://semarc/name/47866 245 13$aIl consenso matrimoniale :$btecniche di qualificazione e di esegesi delle cause canoniche di nullita, cc. 1095-1107 CIC /$cPedro-Juan Viladrich. 260 $aMilano :$bGiuffrè,$c2001. 300 $a580 p. ;$c22 cm. 490 0 $aMonografie giuridiche ;$v20 500 $aCopia fotostatica. 650 4$aMatrimonio - Consenso - Diritto Canonico.$0(OLS)http://semarc/subject/10819 830 0$aMonografie giuridiche / Ateneo romano della Santa Croce ; [poi] Pontificio Ateneo della Santa Croce ; [poi] Pontificia università della Santa Croce ;$v20.$0(OLS)http://semarc/title/431566 850 $aSeMil 852 $aSeMil$W1$xVenegono$y1$m2J V 160$j145207$B145207$CSeMilBibl$Z2$F219240 $81 961 $aLascito: Coronelli don Renato 996 $6020$a88-14-08356-8$9(OLS)http://semarc/number/186186 996 $6245$aIl consenso matrimoniale :$btecniche di qualificazione e di esegesi delle cause canoniche di nullita, cc. 1095-1107 CIC$9(OLS)http://semarc/title/280663 996 $6260$aMilano :$bGiuffrè$9(OLS)http://semarc/publisher/29926 LEADER 01433nam a2200301 4500 001 000000363846 003 CaOOAMICUS 005 20250806105000.0 008 250806s2021 xxk 000 u eng r 020 $a978-0-19-284458-3$c(hb) 040 $aSeMil$bita 100 1 $aBarker, James William,$d<1976- >.$0(OLS)http://semarc/name/122543 245 10$aTatian's Diatessaron :$bcomposition, redaction, recension, and reception /$cJames W Barker. 264 1$aOxford :$bOxford University Press,$c2021. 300 $aVIII, 157 p. ;$c24 cm 490 1 $aOxford early christian studies 650 4$aTaziano . Diatesseron.$0(OLS)http://semarc/subject/58395 650 4$aChiesa primitiva e delle origini - Storia.$0(OLS)http://semarc/subject/3546 650 4$aBibbia - NT - Vangeli - Diffusione - Sec. 2.$0(OLS)http://semarc/subject/58396 830 0$aOxford early Christian studies.$0(OLS)http://semarc/title/408508 850 $aSeMil 852 $aSeMil$W1$xVenegono$y1$m2W V 34$j260490$B254703$CSeMilBibl$Z2$F254703 $81 900 1 $aBarker, James W. 996 $6020$a978-0-19-284458-3$c(hb)$9(OLS)http://semarc/number/303836 996 $6245$aTatian's Diatessaron :$bcomposition, redaction, recension, and reception$9(OLS)http://semarc/title/455165 996 $6264$aOxford :$bOxford University Press$9(OLS)http://semarc/publisher/35475